000 00423nam a2200157Ia 4500
003 GCL
008 140319s9999 xx 000 0 ara d
040 _aGCL /
_cGCL
082 0 4 _a813.03
_bع ش
100 1 _aعبدالمنعم الصاوى
245 1 0 _aشراع ابيض /
_cعبدالمنعم الصاوى
490 _a
650 0 4 _aالادب العربى
650 0 4 _aالقصص العربية
942 _2ddc
_cBK
999 _c40566
_d40566